[Event "XIII TCh-RUS"]
[Site "Sochi RUS"]
[Date "2006.04.29"]
[Round "10"]
[White "Potkin,V"]
[Black "Korneev,O"]
[Result "1/2-1/2"]
[WhiteElo "2547"]
[BlackElo "2671"]
[EventDate "2006.04.20"]

1. d4 d5 2. c4 c6 3. Nc3 Nf6 4. Nf3 e6 5. Bg5 h6 6. Bxf6 Qxf6 7. e3 Nd7 8.
Bd3 g6 9. O-O dxc4 10. Bxc4 Bg7 11. b4 O-O 12. a4 Qe7 13. Qb3 Kh7 14. a5 e5
15. b5 e4 16. Nd2 f5 17. Rac1 Nf6 18. a6 f4 19. axb7 Bxb7 20. bxc6 Bxc6 21.
Bd5 Rab8 22. Qc4 Bd7 23. Ndxe4 Nxd5 24. Qxd5 Bf5 25. exf4 Bxe4 26. Qxe4
Qxe4 27. Nxe4 Rxf4 28. Nc5 Rxd4 29. Ne6 Rd7 30. Nxg7 Kxg7 31. Ra1 Rb5 32.
Ra6 Rdb7 33. g3 Rb1 34. Rxb1 Rxb1+ 35. Kg2 Rb7 36. h4 h5 37. f3 Rc7 38. g4
hxg4 39. fxg4 Rc2+ 40. Kf3 Rc3+ 41. Kf2 Rc2+ 42. Ke3 Rc3+ 43. Kd4 Rc7 44.
Ke5 Rb7 45. Kf4 Rb4+ 46. Kf3 1/2-1/2

[Event "XIII TCh-RUS"]
[Site "Sochi RUS"]
[Date "2006.04.30"]
[Round "11"]
[White "Brodsky,M"]
[Black "Galkin,A"]
[Result "1/2-1/2"]
[WhiteElo "2561"]
[BlackElo "2618"]
[EventDate "2006.04.20"]

1. d4 d5 2. c4 c6 3. Nc3 Nf6 4. cxd5 cxd5 5. Nf3 Nc6 6. Bf4 a6 7. Rc1 Bf5
8. e3 e6 9. Qb3 Ra7 10. Ne5 Nxe5 11. Bxe5 Nd7 12. Bg3 Be7 13. Be2 O-O 14.
O-O b5 15. a4 b4 16. Nb1 Bxb1 17. Rxb1 Nf6 18. Rbc1 Ne4 19. Rc2 Nxg3 20.
hxg3 a5 21. Rfc1 Bd6 22. Rc6 Rc7 23. Qc2 1/2-1/2